000
00327nam a2200145Ia 4500
008
230917s9999||||xx |||||||||||||| ||und||
040
_e
39740
_a
MAIN
041
_a
English
082
_a
823.7 S85B
100
_a
Sewell, Anna
245
0
_a
Black beauty
260
_a
London
_b
Collins
_c
1976
300
_a
192 p.
942
_c
BK
999
_c
215481
_d
215481